00513nam a2200169Ia 450000500170000000800410001702000150005808200130007310000210008624500360010726000400014330000130018350000310019694200060022795200950023399900150032820250519023918.0240331s9999 xx 000 0 und d a9552047609 a301bSAM aSamarasekare , S 0aSrilankawe prathamika janathawa aColombobS. Godage & Brothersc2001 a238 p ., aSri Lanka's Ancient Pupils cL 001040708LaWERCLbWERCLcSSCd2024-03-31l0o 301 SAMp4917r2024-03-31w2024-03-31yL c1031d1031